Crafting institutional responses to HIV/AIDS : (Record no. 13593)

MARC details
000 -LEADER
fixed length control field 00768nam a22002052 4500
001 - CONTROL NUMBER
control field 0000013229
005 - DATE AND TIME OF LATEST TRANSACTION
control field 20151217155855.0
008 - FIXED-LENGTH DATA ELEMENTS--GENERAL INFORMATION
fixed length control field 090708s xx 000 0 eng d
040 ## - CATALOGING SOURCE
Original cataloging agency KABU
Transcribing agency KABU
245 10 - TITLE STATEMENT
Title Crafting institutional responses to HIV/AIDS :
Remainder of title guidelines and resources for tertiary institutions in Sub-Saharan Africa /
Statement of responsibility, etc. [edited by] William Saint.
250 ## - EDITION STATEMENT
Edition statement 1st ed.
260 ## - PUBLICATION, DISTRIBUTION, ETC. (IMPRINT)
Place of publication, distribution, etc. Washington, D. C. :
Name of publisher, distributor, etc. World Bank,
Date of publication, distribution, etc. 2004.
300 ## - PHYSICAL DESCRIPTION
Extent 73 p.
650 #0 - SUBJECT ADDED ENTRY--TOPICAL TERM
Topical term or geographic name as entry element HIV/AIDS Prevention, control and care program
Geographic subdivision Africa.
-- 0000170380
650 #0 - SUBJECT ADDED ENTRY--TOPICAL TERM
Topical term or geographic name as entry element AIDS
General subdivision Patients services for
Geographic subdivision Africa.
-- 0000170381
700 1# - ADDED ENTRY--PERSONAL NAME
Personal name Saint, William.
-- 0000170382
852 1# - LOCATION
-- p200 KES
908 ## - PUT COMMAND PARAMETER (RLIN)
Put command parameter 090708
950 ## - LOCAL HOLDINGS (RLIN)
-- 1
Holdings
Withdrawn status Lost status Source of classification or shelving scheme Not for loan Home library Current library Date acquired Total Checkouts Full call number Barcode Date last seen Price effective from Koha item type
    Library of Congress Classification   Kabarak, Main Campus Kabarak, Main Campus 17/12/2015   RA644 .A25C73 2004 c. 1 17931 17/12/2015 17/12/2015 Africana Collection
Designed with assistance from East African Informatics Ltd